Contemporary woman dramatists
Kaydedildi:
| Yazar: | |
|---|---|
| Materyal Türü: | Kitap |
| Dil: | İngilizce |
| Baskı/Yayın Bilgisi: |
Londres
St James Press
1994
|
| Seri Bilgileri: | Contemporary Literature Series
|
| Konular: | |
| Etiketler: |
Etiketle
Etiket eklenmemiş, İlk siz ekleyin!
|
MARC
| LEADER | 00000nam a2200000 a 4500 | ||
|---|---|---|---|
| 001 | UCZ7245 | ||
| 003 | CL-VaPUC | ||
| 008 | 951228e19940000UK |||||||||||||||||eng|d | ||
| 082 | 0 | 4 | |a 808.82 |b BER |2 21 |
| 100 | 0 | |a Berney, K. A |e author |9 352016 | |
| 245 | 1 | 0 | |a Contemporary woman dramatists |
| 300 | |a 335 p | ||
| 942 | |c BK | ||
| 945 | |d 19951228 00:00:00 |a rleighto | ||
| 260 | |a Londres |b St James Press |c 1994 | ||
| 650 | 0 | |a Teatro inglés |9 265744 | |
| 650 | 7 | |a TEATRO ESTADOUNIDENSE |2 CL-VaPUC |9 265812 | |
| 650 | 7 | |a TEATRO CANADIENSE |2 CL-VaPUC |9 314755 | |
| 650 | 7 | |a TEATRO CUBANO |2 CL-VaPUC |9 352017 | |
| 650 | 7 | |a TEATRO AUSTRALIANO |2 CL-VaPUC |9 352018 | |
| 650 | 0 | |a Crítica literaria |9 269189 | |
| 583 | |a last modification |c 19951228 00:00:00 |k Rodrigo Vera | ||
| 490 | 0 | |a Contemporary Literature Series | |
| 999 | |c 243348 |d 243346 | ||
| 952 | |0 0 |1 0 |4 0 |6 808_820000000000000_BER_1994 |7 0 |8 A |9 256943 |a BIBEDU |b BIBEDU |d 2019-11-19 |i 3164519 |o 808.82 BER 1994 |p 3164519 |r 2019-11-19 |w 2019-11-19 |y BK |k LIT | ||